[Event "Sautron op 15th"]
[Site "Sautron"]
[Date "2015.10.24"]
[Round "6.9"]
[White "Loiseau, Quentin"]
[Black "Delorme, Alban"]
[Result "1-0"]
[WhiteElo "2449"]
[BlackElo "2303"]
[Annotator "RR"]
[PlyCount "63"]
[EventDate "2015.10.24"]
[EventType "swiss"]
[EventRounds "9"]
[EventCountry "FRA"]
[SourceTitle "CBM 169 Extra"]
[Source "ChessBase"]
[SourceDate "2015.12.18"]
[SourceVersion "1"]
[SourceVersionDate "2015.12.18"]
[SourceQuality "1"]
[TimeControl "40/5400+30:1800+30"]
[WhiteClock "0:10:32"]
[BlackClock "0:43:28"]

1. d4 {[%emt 0:01:44]} c5 {[%emt 0:00:17]} 2. d5 {[%emt 0:00:16]} e5 {[%emt 0:
00:48] La vieille Benoni n'a pas très bonne réputation théorique} 3. e4 {
[%emt 0:00:05]} d6 {[%emt 0:00:39]} 4. Nc3 {[%emt 0:00:05]} Be7 {[%emt 0:01:02]
} 5. Nf3 {[%emt 0:02:34]} (5. Bb5+ Nd7 (5... Bd7 6. Bxd7+ Nxd7 7. Nf3 $14 {
[%csl Re7]})) 5... Bg4 {[%emt 0:01:23]} 6. Bd3 {[%emt 0:01:44]} (6. h3 Bxf3 7.
Qxf3 Bg5 8. Bxg5 Qxg5 9. h4 Qd8 10. Nd1 Ne7 11. Ne3 O-O 12. O-O-O Nd7 13. Kb1
a6 14. g3 b5 15. Bh3 c4 16. h5 h6 17. Bxd7 Qxd7 18. g4 f6 19. Nf5 b4 20. Qe3 c3
21. b3 a5 22. a4 bxa3 23. Ka2 Rfc8 24. Nxh6+ gxh6 25. Qxh6 a4 26. b4 Kf7 27.
Qh7+ Ke8 28. Qh8+ Kf7 29. Qh7+ Ke8 30. Kxa3 Qb5 31. Qh8+ Kf7 32. Qh7+ Ke8 33.
Qh8+ Kd7 34. Qxf6 Rc4 35. Rb1 Rb8 {Ding,L (2717)-Liu,Q (2501) Xinghua 2014 1/
2-1/2}) 6... Nf6 {[%emt 0:02:36]} 7. h3 {[%emt 0:00:36]} Bh5 {[%emt 0:00:35]} (
7... Bxf3 8. Qxf3 Nbd7 9. Qe2 O-O 10. g3 Rc8 11. a4 $14) 8. Be3 {[%emt 0:02:01]
} O-O {[%emt 0:01:25]} 9. g4 $1 {[%emt 0:09:05]} Bg6 {[%emt 0:02:53]} 10. Nh4 {
[%emt 0:00:37]} Bxe4 {[%emt 0:02:25]} 11. Nxe4 {[%emt 0:02:34]} Nxe4 {[%emt 0:
00:11]} 12. Nf5 $16 {[%emt 0:00:19]} Nf6 {[%emt 0:00:34] La petite combinaison
Be4 n'a pas résolu les problèmes d'espace et les Blancs prennent
l'initiative à l'aile-roi} 13. g5 {[%emt 0:01:00]} Ne8 {[%emt 0:07:20]} 14.
Qh5 $40 {[%emt 0:18:17][%cal Gd3h7,Gh5h7,Gf5e7]} g6 {[%emt 0:00:31]} 15. Qh6 {
[%emt 0:00:15]} Qd7 $1 {[%emt 0:06:15][%cal Gd7f5] Menace de prendre le Nf5} (
15... gxf5 16. Bxf5) 16. Rg1 $1 {[%emt 0:15:55] Après un 1/4 d'heure de
réflexion, le MI trouve un moyen de renforcer l'attaque} gxf5 {[%emt 0:04:58]}
17. Rg4 $1 {[%emt 0:00:11][%cal Gg4h4,Gd3h7] La pointe} Bd8 {[%emt 0:00:12]}
18. Rh4 {[%emt 0:00:55]} f6 {[%emt 0:00:07]} 19. g6 {[%emt 0:00:14]} Qg7 {
[%emt 0:04:50]} 20. gxh7+ {[%emt 0:18:29]} Kh8 {[%emt 0:00:49]} 21. Qh5 $44 {
[%emt 0:07:13] Si les Noirs arrivent à terminer le développement les
compensations du MI ne seront probablement pas suffisantes} f4 {[%emt 0:06:22]}
22. Rg4 {[%emt 0:00:25]} Qe7 $6 {[%emt 0:00:10] Joué а tempo alors que les
Noirs avaient encore presqu'une heure а la pendule} (22... f5 $1 23. Rxg7 Nxg7
24. Qf3 fxe3 25. Qxe3 Nd7 26. O-O-O e4 $17 {[%cal Gd7e5]}) 23. Rg8+ {[%emt 0:
03:12]} Rxg8 {[%emt 0:00:11]} 24. hxg8=Q+ {[%emt 0:00:05]} Kxg8 {[%emt 0:00:07]
} 25. O-O-O {[%emt 0:00:18][%cal Gd1g1]} Qf7 {[%emt 0:06:36]} 26. Bg6 {[%emt 0:
04:01]} Qg7 {[%emt 0:01:33]} 27. Bd2 {[%emt 0:00:45]} Nc7 {[%emt 0:05:01]} 28.
Rg1 {[%emt 0:01:21]} Kf8 {[%emt 0:00:02]} 29. Rg4 $18 {[%emt 0:00:15]} Ke7 {
[%emt 0:01:44]} 30. Bf5 {[%emt 0:00:27]} Qf7 {[%emt 0:00:18]} 31. Qh8 {[%emt 0:
00:23]} Ne8 {[%emt 0:00:08]} 32. Be6 {[%emt 0:00:07]} 1-0

[Event "Bayamo"]
[Site "Bayamo"]
[Date "1990.??.??"]
[Round "4"]
[White "Gomez Segura, Adalberto"]
[Black "Borges Matos, Juan R"]
[Result "1-0"]
[WhiteElo "2390"]
[BlackElo "2500"]
[Annotator "Schussler,H"]
[PlyCount "55"]
[EventDate "1990.04.??"]
[EventType "tourn"]
[EventRounds "13"]
[EventCountry "CUB"]
[EventCategory "8"]
[SourceTitle "CBM 018"]
[Source "ChessBase"]
[SourceDate "1990.10.01"]
[SourceVersion "1"]
[SourceVersionDate "1990.10.01"]
[SourceQuality "1"]

1. d4 c5 2. d5 e5 3. e4 d6 4. Bb5+ Nd7 5. c4 $5 {A new plan. Usually White
tries to use the c4-square as an outpost for a knight.} Be7 6. Nc3 Ngf6 7. Ba4
O-O 8. Bc2 Ne8 9. h4 Ndf6 10. Qe2 g6 11. Bd2 Ng7 12. O-O-O a6 13. Nh3 b5 14.
Rdg1 h5 15. f3 bxc4 16. g4 Rb8 17. Nd1 Bd7 18. Bc3 Qc7 19. Ne3 Rb7 20. Qd2 Rfb8
21. Nf5 gxf5 22. gxf5 Nfe8 23. Qh6 Bf6 24. Ng5 Qd8 25. Nh7 Bc8 26. Rg2 Bxh4 27.
f6 Bxf6 28. Rxh5 1-0

[Event "CZE-ch"]
[Site "Zlin"]
[Date "1997.??.??"]
[Round "2"]
[White "Freisler, Pavel"]
[Black "Haba, Petr"]
[Result "1/2-1/2"]
[WhiteElo "2365"]
[BlackElo "2520"]
[Annotator "Stohl,I"]
[PlyCount "67"]
[EventDate "1997.06.12"]
[EventType "tourn"]
[EventRounds "11"]
[EventCountry "CZE"]
[EventCategory "10"]
[SourceTitle "CBM 061"]
[Source "ChessBase"]
[SourceDate "1997.11.23"]
[SourceVersion "1"]
[SourceVersionDate "1997.11.23"]
[SourceQuality "1"]

1. d4 c5 2. d5 e5 3. e4 d6 4. Nc3 Be7 5. Nf3 Bg4 6. h3 {Most principial. Other
moves don't cause Black any problems.} (6. Be2 $143 Bxf3 7. Bxf3 Bg5 8. O-O
Bxc1 (8... Nh6 9. Be2 O-O 10. a4 Nd7 11. Ra3 Bxc1 12. Qxc1 f5 13. f4 exf4 14.
Rxf4 Ne5 15. Qf1 g6 16. exf5 Rxf5 17. Ne4 Qe7 18. Ng3 Rxf4 19. Qxf4 Kg7 20. Ne4
Rf8 21. Qg5 Qf7 22. Ra1 Qxd5 $19 {Pinc,M-Sott,P/Klatovy op/1997/}) 9. Qxc1 Ne7
10. g3 O-O 11. a4 Nd7 12. Nb5 Nf6 13. Bg2 Qb6 14. c3 a6 15. Na3 Qc7 16. f4 exf4
17. gxf4 Ng6 18. Qc2 Rfe8 19. Rae1 c4 20. Qf2 Rab8 21. Kh1 b5 22. axb5 axb5 23.
Nc2 Ra8 24. Nb4 Qa7 25. Qg3 Qd7 26. e5 Nh5 27. Qg5 Nhxf4 28. Rxf4 Nxf4 29. Qxf4
Rxe5 $17 {Murzin,L-Persson,R/Budapest FS07 IM/1997/}) 6... Bxf3 ({Very risky is
} 6... Bh5 $143 $6 7. g4 Bg6 8. Bd3 Nd7 9. Qe2 a6 10. a4 h6 11. h4 Qc8 12. Nd2
b6 13. Nc4 Ngf6 14. f4 Kd8 15. f5 Bh7 16. g5 Ne8 17. Be3 Kc7 18. Kd2 Kb7 19.
Rhb1 Kc7 20. b4 Bg8 21. a5 b5 22. Nb6 Nxb6 23. axb6+ Kd8 24. Nxb5 c4 25. Bxc4
axb5 26. Bxb5 {1-0,Burgess,G-Corkett,A/4NCL9697/1997/}) 7. Qxf3 Bg5 8. Bxg5 {
White goes for a forced line, which gives him some advantage with no risk
involved.} (8. Bb5+ $5 Kf8 9. Be3 Bxe3 10. Qxe3 a6 11. Be2 g6 12. O-O Kg7 13.
a4 Ne7 14. Nb1 b6 15. Nd2 Nd7 16. Nc4 Qc7 17. f4 f6 18. Bg4 Nc8 19. Bxd7 Qxd7
20. fxe5 fxe5 21. Rf3 $36 {Lukasiewicz,G-Michaud,C/Geneva op/1997/}) 8... Qxg5
9. Nb5 Qd8 10. Qg4 Kf8 (10... g6 $2 11. Nxd6+ Qxd6 12. Qc8+ Qd8 13. Bb5+ Ke7
14. Qxb7+ $18 (14. Qxb7+ Nd7 15. Bxd7 Rb8 16. d6+ $18)) 11. Nxd6 $1 {The point
of White's play.} (11. a4 $143 Nf6 12. Qh4 a6 13. Nc3 Qa5 14. Ra3 Nbd7 15. Be2
h6 16. O-O g5 17. Qg3 Ke7 18. Qe3 Rag8 19. Rb1 h5 20. g3 Nf8 21. Na2 N8d7 22.
c3 Qb6 23. a5 Qc7 24. c4 h4 $11 {Marzolo,C-Stelli,P/Cannes opB/1997/}) 11...
Nf6 $8 12. Qc8 Qxc8 13. Nxc8 Nxe4 14. Bd3 Nd7 $8 (14... Nf6 $6 15. Nd6 b6 16.
O-O-O Nbd7 17. Bb5 g6 18. Rhe1 Rd8 19. Nc4 Kg7 20. Nxe5 Nxe5 21. Rxe5 Rd6 22.
c4 a6 23. Bc6 Rb8 24. Rd3 Ng8 25. Ra3 a5 26. g4 Kf8 27. Rae3 Rdd8 28. Kc2 f6
29. Re6 Nh6 30. Re7 Nf7 31. Ra7 Ne5 32. Bb5 $18 {Hort,V-Spiridonov,N/Athens/
1969/}) 15. Bxe4 Rxc8 16. O-O-O (16. d6 $142 $5 {[%csl Gd6,Ge4] o^d6 White has
to open diagonals and lines to make use of his strong B, otherwise Black may
achieve a blockade even a pawn down, as in the game.} Rb8 (16... Nf6 17. Bxb7 (
17. Bf3 e4 18. Be2 g6 19. O-O-O Kg7 20. g4 h6 21. f4 Rcd8 22. Rhe1 g5 23. Rf1
e3 24. Rd3 Rhe8 25. Rf3 Re6 26. d7 Re7 $11 {Bykhovsky,A-Zoler,D/ISR-chT/1996/})
17... Rb8 18. Bf3 (18. Bc6 Rb6 19. Ba4 {1/2,Huzman,A-Rashkovsky,N/URS-FL
Sverdlovsk/1987/} (19. d7 Ke7 20. Ba4 Rd6 $1 $14)) 18... e4 19. Be2 Rxb2 20.
O-O-O Rb6 (20... Rxa2 $5 21. Kb1 Ra4 22. c3 $44 {צa4}) 21. g4 g6 $1 22. g5 Nd7
23. a4 Kg7 24. Bb5 (24. a5 $5 $14) 24... Rd8 25. Rd5 $138 Nf8 26. Rxc5 Ne6 27.
Re5 Rdxd6 28. Rd1 Nd4 $6 29. c3 $1 Nxb5 30. axb5 Rxd1+ 31. Kxd1 a6 32. bxa6
Rxa6 33. Rxe4 $16 {Miles,A-Gheorghiu,F/Oostende/1986/}) 17. Bf5 Nf6 18. O-O-O
g6 19. Bd3 e4 20. Bc4 Kg7 21. Rhe1 Rhd8 22. a4 a6 23. a5 b5 24. axb6 Rxb6 25.
d7 a5 26. f3 Rb4 27. b3 exf3 28. gxf3 Rb7 29. Re5 $16 {[%csl Ra5,Rc5] _|_ק,
Shneider,A-Ivanovic,B/JUG-chT Tivat/1995/}) 16... g6 17. g4 $5 (17. d6 b6 (
17... Rb8 $143 18. Rhe1 Kg7 19. Bd5 Rhe8 20. Re3 f6 21. g4 Nb6 22. Bg2 Red8 23.
Ra3 Rd7 24. Rxa7 Nc8 25. Rxb7 Rbxb7 26. Bxb7 Nxd6 27. Bc6 $18 {Mrunalini,
K-Petek Medic,M/Erevan olw/1996/}) 18. g4 (18. Rhe1 Kg7 19. Bb7 Rcd8 20. Bc6
Rhe8 21. Bb5 f5 22. Re3 Re6 23. Bc4 Rf6 24. f3 a5 25. Rd5 Re6 26. Rd2 Rf6 27.
Re1 h5 28. h4 Kh6 29. c3 g5 30. hxg5+ Kxg5 31. Kc2 e4 $1 $15 {Dyachkov,
S-Malakhov,V/RUS-chJ Moscow/1995/}) 18... Kg7 19. h4 Rhe8 20. Rh3 Re6 21. Ra3
a5 22. Rb3 Rd8 23. f3 Rf6 24. a4 Rf4 25. Bc6 Rb4 26. Rxb4 cxb4 27. Rd5 Kf6 28.
Rb5 Nc5 29. d7 Nxa4 30. b3 Nc5 31. Rxb6 Ke7 32. Rb5 Kd6 33. Be4 Rxd7 34. Rxa5
f5 $132 {Akhmilovskaya,E-Gheorghiu,F/New York op/1989/}) 17... Kg7 18. Rhe1 (
18. d6 b6 $13 {-17.d6}) 18... b6 19. c4 Rhe8 20. Re3 h6 21. Rde1 {[%cal Re4c2,
Rc2a4] /\Bc2-a4+/-} Nf6 (21... f6 22. Bc2 Red8 23. Ba4 Nf8 24. f4 $40) 22. Bc2
{It seems Black is in big trouble, but he comes up with a resourceful
defensive plan, involving a pawn sarifice.} Re7 $1 23. Kd2 (23. Rxe5 Rxe5 24.
Rxe5 Re8 25. Rxe8 (25. f4 Rxe5 26. fxe5 Nd7 27. e6 fxe6 28. dxe6 Ne5 $15 {
[%csl Rc2,Rc4,Rg4,Rh3] ><c4,g4,h3,Bc2 Black regains back his pawn with a
slightly better endgame, Bc2 is suddenly a miserable piece.}) 25... Nxe8 {
[%cal Ye8d6] /\Nd6~/=}) (23. d6 $5 Rd7 24. Rxe5 Rxd6 25. Re7 $14) 23... Ne8 $1
24. Rxe5 Rxe5 25. Rxe5 Kf6 26. Re1 ({Similar to the game would be} 26. f4 Nd6
27. b3 g5 $1 (27... Re8 28. Rxe8 Nxe8 29. h4 $36) 28. Ke3 Re8 $11) 26... Nd6
27. b3 Re8 28. Rxe8 $6 (28. Rf1 $142 $14 {[%cal Yf2f4,Yh3h4,Yg4g5] /\f4,h4,g5
Only with the R on the board White has some chances of breaking the blockade.})
28... Nxe8 29. f4 g5 $1 $11 {Black doesn't allow White to put his >> pawns on
black squares.} 30. Ke3 Ke7 31. Kf3 {There is no way to break the fortress.} (
31. Ke4 Nd6+ 32. Ke5 $4 f6#) 31... f6 32. Kg3 Nd6 33. h4 Kd8 34. h5 1/2-1/2

[Event "RUS-ch U18"]
[Site "Moscow"]
[Date "1995.??.??"]
[Round "3"]
[White "Dyachkov, Sergej"]
[Black "Malakhov, Vladimir"]
[Result "1/2-1/2"]
[WhiteElo "2490"]
[BlackElo "2395"]
[Annotator "Stohl,I"]
[PlyCount "122"]
[EventDate "1995.??.??"]
[EventType "tourn"]
[EventRounds "11"]
[EventCountry "RUS"]
[EventCategory "8"]
[SourceTitle "CBM 046"]
[Source "ChessBase"]
[SourceDate "1995.06.01"]
[SourceVersion "1"]
[SourceVersionDate "1995.06.01"]
[SourceQuality "1"]

1. d4 c5 2. d5 d6 3. Nf3 e5 4. e4 Be7 5. Nc3 Bg4 $1 6. h3 Bxf3 7. Qxf3 Bg5 8.
Bxg5 Qxg5 9. Nb5 Qd8 10. Qg4 Kf8 11. Nxd6 Nf6 12. Qc8 Qxc8 13. Nxc8 Nxe4 14.
Bd3 Nd7 $1 (14... Nf6 $6 15. Nd6 b6 16. O-O-O Nbd7 17. Bb5 g6 18. Rhe1 Rd8 19.
Nc4 Kg7 20. Nxe5 Nxe5 21. Rxe5 Rd6 22. c4 $16 {Hort,V-Spiridonov,N/Athens/1969/
}) 15. Bxe4 Rxc8 16. O-O-O (16. d6 Nf6 (16... b6 17. O-O-O {-16.0-0-0}) 17.
Bxb7 Rb8 18. Bf3 $5 (18. Bc6 Rb6 19. Ba4 {1/2:1/2,Khuzman,A-Rashkovsky,N/
Sverdlovsk/1987/}) 18... e4 19. Be2 Rxb2 20. O-O-O Rb6 21. g4 g6 22. g5 Nd7 23.
a4 Kg7 24. Bb5 Rd8 25. Rd5 $14 {Miles,A-Gheorghiu,F/Oostende/1986/}) 16... g6
17. d6 b6 18. Rhe1 $146 (18. g4 Kg7 19. h4 Rhe8 20. Rh3 Re6 21. Ra3 a5 22. Rb3
Rd8 23. f3 Rf6 24. a4 Rf4 $132 {Akhmilovskaya,E-Gheorghiu,F/New York op/1989/})
18... Kg7 (18... f5 $6 19. Bb7 Rd8 20. Bc6 e4 21. f3 $36) 19. Bb7 Rcd8 20. Bc6
Rhe8 21. Bb5 (21. Re3 Re6 22. Ra3 Nb8 $15) 21... f5 22. Re3 Re6 23. Bc4 Rf6 24.
f3 (24. Ra3 a5 25. Rb3 e4 $15 {/\Ne5}) 24... a5 25. Rd5 (25. Rb3 e4 26. fxe4
fxe4 27. Re3 Ne5 28. Bb5 Rfxd6 29. Rxd6 Rxd6 30. Rxe4 Kf6 $10) 25... Re6 26.
Rd2 Rf6 27. Re1 (27. Bb5 Re6 28. Rd5 Kf6 $10) 27... h5 28. h4 (28. c3 h4 $5 {
/\Kh6-g5-f4<=>}) 28... Kh6 29. c3 (29. b3 {/\Kb2-a3-a4-b5} g5 30. hxg5+ Kxg5
31. Kb2 Kf4 32. Rh1 Nf8 $10) 29... g5 30. hxg5+ Kxg5 31. Kc2 e4 $1 $15 32. fxe4
Ne5 33. Bb5 Rfxd6 34. Rxd6 Rxd6 35. exf5 Kxf5 36. Rf1+ Kg5 (36... Kg4 $6 37.
Be2+ {/\Bh5}) 37. Re1 Ng4 38. Re2 Kf4 {><g2} 39. Be8 c4 (39... h4 40. Kb3 $132)
40. b3 (40. Bxh5 $2 Ne3+ 41. Rxe3 $8 Kxe3 $17) 40... Ne3+ 41. Kb2 h4 42. Bf7 b5
43. Rf2+ Kg4 (43... Kg3 $2 44. Rf3+) 44. Re2 Rd3 45. bxc4 (45. Bg6 Nd1+ 46. Kc2
Ne3+ $10) 45... Nxc4+ (45... bxc4 46. Bg6 $10) 46. Kc2 (46. Bxc4 $2 bxc4 47.
Re4+ Kg3 48. Rxc4 Rd2+ $17) 46... Rd8 47. a4 $10 Kg3 48. axb5 Na3+ 49. Kb3 Nxb5
50. Rc2 Nd6 51. Bd5 Nf5 52. Be4 Ne3 53. Ra2 Rb8+ 54. Ka4 Nc4 55. Bc6 {/\Bb5=}
Rc8 56. Kb5 (56. Bb5 $6 Nd6 $15) 56... Ne5 57. Bd5 Rxc3 58. Rxa5 Rd3 59. Kb4
Ng4 60. Kc4 Ne5+ (60... Rd2 $142 61. Kc3 Re2 62. Kd3 Re5 63. Kd4 $10) 61. Kc5
h3 1/2-1/2

[Event "RUS-ch U18"]
[Site "Moscow"]
[Date "1995.??.??"]
[Round "10"]
[White "Korotylev, Alexey"]
[Black "Malakhov, Vladimir"]
[Result "1/2-1/2"]
[WhiteElo "2445"]
[BlackElo "2395"]
[Annotator "Stohl,I"]
[PlyCount "69"]
[EventDate "1995.??.??"]
[EventType "tourn"]
[EventRounds "11"]
[EventCountry "RUS"]
[EventCategory "8"]
[SourceTitle "CBM 046"]
[Source "ChessBase"]
[SourceDate "1995.06.01"]
[SourceVersion "1"]
[SourceVersionDate "1995.06.01"]
[SourceQuality "1"]

1. d4 c5 2. d5 d6 3. e4 e5 4. Bb5+ $5 (4. f4 exf4 5. Bxf4 Ne7 6. Bb5+ Bd7 7.
Bxd7+ Qxd7 8. Nd2 Ng6 9. Bg3 Be7 10. Ngf3 O-O 11. O-O f5 $1 12. exf5 Rxf5 13.
Nc4 Na6 14. c3 Nc7 15. Qb3 b6 16. Nfe5 Rxf1+ 17. Rxf1 Nxe5 18. Nxe5 dxe5 19.
d6+ Qe6 20. dxe7 Qxb3 21. axb3 Nd5 $10 {Gurevich,D-Gheorghiu,F/Geneva op/1995/}
) 4... Bd7 (4... Nd7 $142 5. a4 Ngf6 (5... Be7 6. f4 $5 a6 7. Bxd7+ Bxd7 8. Nf3
exf4 9. Bxf4 g5 10. Bg3 g4 11. Nfd2 Bh4 12. Nc4 Bxg3+ 13. hxg3 Qe7 14. Nc3
O-O-O 15. Qd2 Nf6 16. O-O Ne8 17. Qf4 f6 18. Rab1 $40 {Nenashev,A-Rumiancev,G/
Odessa/1991/}) 6. Nc3 Be7 7. Nf3 O-O 8. O-O Ne8 9. a5 Nc7 10. Be2 Rb8 11. Nd2
Nf6 12. Nc4 b5 13. axb6 axb6 14. Bg5 Ba6 15. Bxf6 Bxf6 16. Nd2 Bxe2 17. Qxe2 b5
18. Rfb1 Bg5 $132 {Bischoff,K-Vaisman,V/Montpellier/1988/}) 5. a4 g6 $5 $146 (
5... Nf6 6. Nc3 Be7 7. Nf3 O-O 8. O-O (8. Nd2 $5 $14) 8... Ne8 9. Be2 Na6 10.
Nd2 Bg5 11. Bxa6 $5 bxa6 12. Nc4 f5 13. f4 exf4 14. e5 dxe5 15. Nxe5 Nd6 16.
Bxf4 Bxf4 17. Rxf4 Rb8 18. b3 Rb4 19. Qd2 Re8 20. Nc6 $16 {ק,Grivas,E-Bousios,
H/GRE-ch/1993/}) 6. f4 (6. Nf3 Bh6 7. Nbd2 $5 $14) 6... exf4 7. Bxf4 Qf6 (7...
Qe7 $142 8. Nc3 Bg7 $13 {/\} 9. Bxd7+ Nxd7 10. Nb5 Ne5 11. Nf3 a6 12. Bxe5 Bxe5
13. Nxe5 axb5 $1 $17) 8. Qc1 Bh6 (8... Bg7 9. Nc3 $14) 9. Bxh6 Qh4+ (9... Nxh6
$5 10. Nf3 (10. Qxh6 $6 Qxb2 11. Ne2 Qxa1 12. Nec3 Bxb5 13. axb5 Nd7 {/\0-0-0})
10... Ng4 11. O-O O-O $132) 10. g3 Qxh6 11. Qf4 (11. Qxh6 Nxh6 $10) 11... Bxb5
(11... a6 12. Bd3 {><d6,b6}) 12. axb5 Nd7 13. Nf3 Qxf4 (13... f6 {/\Ne5} 14.
O-O $16) 14. gxf4 Ngf6 15. Nbd2 (15. Nc3 Nb6 $132) 15... O-O 16. O-O Rfe8 17.
Rfe1 $14 {[+]} (17. Rae1 a6 $132) 17... Nb6 18. c4 Nh5 (18... Nfd7 19. e5 $36)
19. e5 $8 Nxf4 20. exd6 Rxe1+ 21. Rxe1 Rd8 22. Re7 (22. b3 $5 {/\Ne4} f5 (22...
Nc8 23. d7 $1 Nd6 24. Ne4 Nd3 $8 (24... Nxe4 25. Rxe4 $18) 25. Nf6+ Kf8 26. Re3
Nf4 27. Ne5 {/\Nc6!+-}) (22... Rxd6 23. Ne4 Rd8 24. Nxc5 $36) (22... Nd7 23.
Re7 $36) 23. Re7 Rxd6 24. Rxb7 Rd7 25. Rb8+ {/\Ne5|^}) 22... Rxd6 23. Rxb7 Rd7
24. Rb8+ Kg7 25. Re8 (25. Ne5 Re7 26. Nc6 Re2 $15) 25... f6 $1 26. b3 Kf7 27.
Rh8 Kg7 28. Rb8 Re7 29. d6 Rd7 30. Ne4 (30. b4 $5 Nd3 $13) 30... Nd3 31. Re8
Kf7 (31... f5 32. Neg5 (32. Re7+ Rxe7 33. dxe7 Kf7 $15) 32... h6 (32... Rxd6
33. Re7+ Kf8 34. Rxa7 $16) 33. Re7+ Kg8 $1 $8 34. Re8+ Kg7 $10) 32. Rh8 h5 33.
h4 Kg7 34. Re8 Kf7 $10 35. Rh8 1/2-1/2

[Event "Lazne Bohdanec"]
[Site "Lazne Bohdanec"]
[Date "1994.??.??"]
[Round "7"]
[White "Pribyl, Josef"]
[Black "Vokac, Marek"]
[Result "1-0"]
[WhiteElo "2395"]
[BlackElo "2485"]
[Annotator "Stohl,I"]
[PlyCount "119"]
[EventDate "1994.02.??"]
[EventType "tourn"]
[EventRounds "11"]
[EventCountry "CZE"]
[EventCategory "10"]
[SourceTitle "CBM 040"]
[Source "ChessBase"]
[SourceDate "1994.06.01"]
[SourceVersion "1"]
[SourceVersionDate "1994.06.01"]
[SourceQuality "1"]

1. d4 c5 2. d5 e5 3. e4 d6 4. Nc3 (4. Bd3 Be7 5. Nf3 h6 6. Nbd2 Bg5 7. a4 Bxd2+
8. Nxd2 Ne7 9. Nc4 Ng6 10. O-O O-O 11. Bd2 Qe7 12. b4 Nd7 13. Re1 b6 14. g3 Nf6
15. Bf1 Bg4 16. f3 Bd7 17. Ra3 Nh7 18. Bg2 Rac8 19. b5 Rce8 20. Rb3 f5 21. f4
$1 $36 {Hausner,I-Vokac,M/Bohdanec/1994/}) (4. Bb5+ $5 Nd7 5. a4 a6 (5... Be7
6. Nf3 Ngf6 7. Nc3 O-O 8. O-O Ne8 9. Re1 g6 10. Bh6 Ng7 11. a5 a6 12. Be2 f5
13. exf5 gxf5 14. Qd2 Rf6 15. Bxg7 Kxg7 16. Ng5 Nf8 17. f4 h6 18. Nh3 Nd7 19.
Nd1 Rf8 20. Ne3 exf4 21. Nxf4 Ne5 22. Rf1 $36 {Dankert,P-Panzer,P/2BLN 8990/
1990/}) 6. Be2 b6 7. Nf3 Be7 8. O-O Ngf6 9. Nc3 O-O 10. Nd2 Ne8 11. Nc4 Bg5 12.
Bg4 Rb8 13. g3 Bxc1 14. Qxc1 g6 15. f4 f5 16. exf5 gxf5 17. Bh3 e4 18. Qd2 Qf6
19. Ne3 Ng7 20. Kh1 h5 21. Ng2 Re8 22. Nd1 Nf8 23. c3 $14 {Kalesis,N-Siebrecht,
S/Budapest FebGM/1994/}) 4... Be7 5. f4 exf4 6. Bxf4 Nf6 (6... Bg5 $5 7. Bxg5
Qxg5 8. Nf3 Qe3+ 9. Qe2 Qxe2+ 10. Bxe2 Nd7 11. Bb5 f6 12. O-O Ke7 13. a4 Nh6
14. Nd1 Nf7 15. Ne3 Nde5 16. a5 g6 17. Ra3 Bd7 18. Bxd7 Nxd7 19. Nc4 Kd8 20.
Rb3 Kc7 $10 {Zilbershtein-Dolmatov/Daugavpils/1978/}) 7. Nf3 O-O (7... Bg4 $142
$5 8. Bb5+ Nbd7 9. O-O (9. h3 Bxf3 10. Qxf3 O-O 11. Bxd7 Qxd7 12. O-O-O Ne8 13.
e5 dxe5 14. Bxe5 Bd6 15. Rhe1 Bxe5 16. Rxe5 Nd6 17. Ne4 Nxe4 18. Qxe4 Rfe8 19.
Re1 (19. d6 $5 $36) 19... Rxe5 20. Qxe5 f6 21. Qe6+ Qxe6 22. Rxe6 Kf7 23. c4
Re8 $1 $10 {Hodgson-Lerner/Moscow/1987/}) 9... O-O 10. h3 Bh5 11. a4 a6 12. Be2
Bxf3 13. Bxf3 Ne8 14. Bg4 Ne5 15. Bxe5 dxe5 {Alvarez,R-Comas,L/ESP-ch/1991/})
8. Qd2 $1 (8. Be2 Re8 (8... Bg4 $5 $132) 9. O-O Nbd7 10. e5 dxe5 11. Nxe5 Nxe5
12. Bxe5 Nd7 13. Bf4 Nf8 14. Nb5 $1 Ng6 15. Bc7 Qd7 16. Bg3 Bh4 17. d6 Bxg3 18.
hxg3 Re3 19. Nc7 Rb8 20. Bb5 $16 {Zpevak,P-Moravec,M/CR-chT/1993/}) 8... Nbd7 (
8... Bg4 9. e5 Nh5 10. exd6 $14) 9. Be2 (9. e5 $5 $14) 9... a6 10. a4 Ng4 11.
O-O Nge5 (11... f6 12. a5 $14 {()}) 12. Nxe5 Nxe5 13. Bxe5 dxe5 14. a5 $1 {><c5
} Bg5 (14... Bd7 $5 15. d6 (15. Na4 Bxa4 16. Rxa4 Bd6 $10) 15... Bg5 $132) 15.
Qe1 b5 $6 (15... Bd7 $142 $5) (15... Be3+ $6 16. Kh1 Bd4 17. Nd1 {ץd4}) 16.
axb6 Qxb6 17. Na4 Qh6 18. Ra3 (18. Nxc5 $4 Be3+) 18... Rb8 19. Kh1 Bf4 20. g3
Bd2 21. Qd1 Bh3 22. Rff3 f5 (22... Bb4 $5 23. Ra2 (23. Rab3 Bd7) (23. Rae3 Bg4)
23... f5 24. c3 fxe4 $5 25. Rxf8+ Rxf8 26. cxb4 Rf2 {/\Bf1-+} 27. b3 $13) 23.
Nxc5 Bb4 $2 (23... Rxb2 24. Rxa6 g6 $44) 24. Rxa6 Rb6 25. Rxb6 Qxb6 26. Nd7 Qa7
27. Nxf8 fxe4 28. Ne6 $5 (28. Rb3 $6 Qf2 29. Qg1 Qxe2 $13) 28... exf3 29. Bxf3
$16 Qf2 (29... h6 30. Bg2 $18) 30. Ng5 Bf5 31. Be4 (31. Ne4 $5 Qe3 32. Qd3 $16)
31... h6 32. Bxf5 $8 Qxf5 33. Ne6 Bd2 $6 (33... e4 $142 $5 34. Nf4 (34. c3 Bd6
35. Kg2 e3 $132) 34... g5 (34... e3 35. Qd3 $1 $18) 35. Qh5 $5 $16) 34. Kg2
Qe4+ 35. Qf3 Qb4 36. c3 $18 Qd6 (36... Qxb2 $4 37. Qf8+ $18) 37. Qd3 (37. Qe4
$18 {/\Kf3-e2-d3}) 37... Bc1 38. b4 Qe7 39. Qg6 (39. h4 {/\d6!+-}) 39... Qa7
40. h4 (40. Qc2 Qe3 41. Qf2 $18) 40... Bd2 41. Qd3 Be1 $5 42. Qf3 e4 43. Qf8+ (
43. Qxe4 $6 Qf2+ 44. Kh1 Qxg3 $16) 43... Kh7 44. Qf5+ Kg8 45. h5 Bxc3 46. Qf8+
Kh7 47. Qf5+ Kg8 48. Qxe4 Qb7 49. Nc5 $5 Qxb4 50. Qxb4 Bxb4 51. Ne4 $18 g6 52.
g4 $1 (52. hxg6 Kg7 53. d6 Kxg6 54. d7 Be7 55. Nc5 Kf5 56. Nb7 Kg4 57. d8=Q
Bxd8 58. Nxd8 h5 {/\h4=}) 52... Kf7 53. Kf3 gxh5 54. gxh5 Ba3 55. Kf4 Bb2 56.
Kf5 Bd4 57. Nd2 Bf6 58. Nc4 Bh4 (58... Bg5 59. d6 {/\Ne5,Ke6+-}) 59. Ne5+ Ke8 (
59... Ke7 60. Ng6+) 60. Ke6 {/\d6-d7,Nf7-h6} 1-0